000 00479nam a2200181Ia 4500
005 20250603144706.0
008 250603s9999 xx 000 0 und d
020 _a9789811656613
050 _aQA 76.9.A73 .W36/
100 _aWang, Paul Shuangbao
245 0 _aComputer architecture and organization : fundamentals and architecture security
260 _aChina
260 _bHigher Education Press
260 _c2021
300 _a337 p
650 _aChina
942 _cBK
999 _c39673
_d39673